1892 1863 1519 1445 1491 1553 1161 1395 1444 1139 1875 1251 1459 1119 1722 1932 1557 1614 1408 1798 1682 1599 1560 1813 1643 1638 1343 1604 1883 1756 1761 1216 1481 1395 1891 1789 1543 1415 1381 1108 1180 1541 1634 1326 1868 1120 1769 1948 1168 1138 1535 1630 1315 1182 1274 1721 1035 1978 1406 1186 1385 1904 1644 1404 1194 1871 1470 1808 1547 1481 1280 1274 1463 1986 1555 1144 1479 1094 1900 1936 1041 1823 1307 1297 1620 1674 1980 1215 1200 1313 1373 1696 1506 1976 1289 1498 1717 1843 1951 BCNSPRNW ULIB Ver.6.0+V

เปลี่ยนเป็นภาษาไทย

Change to English
 แสดงรายละเอียดบรรณานุกรม
  กลับหน้าหลัก

Brief Record : Get Marc (ISO 2709) : E-mail record : QR code < ปิดหน้าต่าง
LEADER : 00000nam 2200000uu 4500
001    13399126246
003     ULIB
008    180827s2560||||th 000 0 tha d
020    ^a9789744669896
040    ^abcn
060 04 ^aWO100^bศ170
245 10 ^aศัลยศาสตร์ธรรมศาสตร์ =^bThammasat Surgery/^cบรรณาธิการ,วีระยุทธ โถวประเสริฐ...[และคนอื่นๆ]
250    ^aพิมพ์ครั้งที่ 1
260    ^aปทุมธานี :^bโรงพิมพ์มหาวิทยาลัยธรรมศาสตร์,^c2560
300    ^a532 หน้า :^bภาพประกอบ
650  2 ^aศัลยศาสตร์^xรวมเรื่อง
700 0  ^aวีระยุทธ โถวประเสริฐ,^eบรรณาธิการ
945    ^p400^l0^i004376
945    ^p400^l0^i004375
945    ^p400^l0^i004377
999    ^aประนอม เกษจรัล
รายการนี้ยังไม่มีแท็ก
คุณยังไม่ได้ล็อกอิน คุณสามารถมีกิจกรรมร่วมกับเว็บไซต์ได้ แต่ต้องล็อกอินก่อน ::
  ล็อกอิน

รายการสื่อสารสนเทศ

ลำดับที่ ประเภท เลขเรียก/บาร์โค้ด สถานที่ สถานะ
1. วิทยาศาสตร์การแพทย์ และสุขภาพ
หนังสือสำรอง
สถานะ=หนังสือสำรอง
WO100 ศ170 ฉ.1 
  Barcode: 004375
ห้องสมุดวิทยาเขตสวรรค์ประชารักษ์
►หนังสือทั่วไป
บนชั้น
2. วิทยาศาสตร์การแพทย์ และสุขภาพ
วิทยาศาสตร์การแพทย์ และสุขภาพ
WO100 ศ170 ฉ.2 
  Barcode: 004376
ห้องสมุดวิทยาเขตสวรรค์ประชารักษ์
►หนังสือทั่วไป
บนชั้น
3. วิทยาศาสตร์การแพทย์ และสุขภาพ
วิทยาศาสตร์การแพทย์ และสุขภาพ
WO100 ศ170 ฉ.3 
  Barcode: 004377
ห้องสมุดวิทยาเขตสวรรค์ประชารักษ์
►หนังสือทั่วไป
บนชั้น

รายการใกล้เคียง
    หัวเรื่อง [ศัลยศาสตร์ รวมเรื่อง]

BibComment


ยังไม่เคยถูกคอมเมนท์

คอมเมนท์ทรัพยากรรายการนี้
  คอมเมนท์: ศัลยศาสตร์ธรรมศา..


 Copyright 2026. Bcnsprnw @Library